000 00704cam a22002531 4500
001 sa 67003046
003 DLC
005 20260227112335.0
008 810709s1965 pk a 000 0 eng
010 _asa 67003046
025 _aPL480:EP-E-315
035 _a(OCoLC)7567181
040 _aDLC
_cMnSU
_dDLC
042 _apremarc
043 _aa-pk---
050 0 0 _aHD9886.P142
_bI5
110 2 _aIndustrial Development Bank of Pakistan.
245 1 2 _aA survey of the cotton textile industry of Pakistan.
260 _a[Dacca,
_c1965]
300 _a231 p.
_btables (some fold.)
_c25 cm.
500 _aCover title.
650 0 _aCotton manufacture
_zPakistan.
650 0 _aCotton trade
_zPakistan.
999 _c73598
_d73598